Испытания макетов твэлов реактора БРЕСТ-ОД-300в автономном свинцово-охлаждаемом канале БОР-60; Атомная энергия; Т. 97, вып. 2

Bibliographische Detailangaben
Parent link:Атомная энергия: теоретический и научно-технический журнал/ Российская академия наук ; Министерство РФ по атомной энергии, ядерного общества.— , 1956-.— 0004-7163
Т. 97, вып. 2.— 2004.— с. 131-138
Weitere Verfasser: Кордюков А. Г., Леонов В. Н., Пикалов А. А., Сила-Новицкий А. Г., Филин А. И., Бровко В. А., Ефимов В. Н., Корольков А. С., Штында Ю. Е., Юрченко А. Д., Костюков Ю. А., Рогозкин Б. Д., Рыжов А. А., Иванов К. Д., Мартынов П. Н., Орлов Ю. И., Певчих Ю. М., Троянов В. М.
Sprache:Russisch
Veröffentlicht: 2004
Schriftenreihe:Статьи
Schlagworte:
Format: Buchkapitel
KOHA link:https://koha.lib.tpu.ru/cgi-bin/koha/opac-detail.pl?biblionumber=426097

MARC

LEADER 00000naa2a2200000 4500
001 426097
005 20231101074504.0
035 |a (RuTPU)RU\TPU\prd\84771 
035 |a RU\TPU\prd\30326 
090 |a 426097 
100 |a 20100628a2004 k y0rusy50 ca 
101 0 |a rus 
102 |a RU 
200 1 |a Испытания макетов твэлов реактора БРЕСТ-ОД-300в автономном свинцово-охлаждаемом канале БОР-60  |f А. Г. Кордюков, В. Н. Леонов, А. А. Пикалов и др. 
225 1 |a Статьи 
320 |a Библиогр.: 7 назв. 
461 1 |0 (RuTPU)RU\TPU\prd\33  |x 0004-7163  |t Атомная энергия  |o теоретический и научно-технический журнал  |f Российская академия наук ; Министерство РФ по атомной энергии, ядерного общества  |d 1956- 
463 1 |0 (RuTPU)RU\TPU\prd\84765  |t Т. 97, вып. 2  |v с. 131-138  |d 2004 
610 1 |a реакторы 
610 1 |a температуропроводные твэлы 
610 1 |a контейнерные типы 
610 1 |a уран-плутониевое топливо 
610 1 |a свинцовый подслой 
610 1 |a газовые продукты 
610 1 |a сбор 
610 1 |a свинцовые теплоносители 
610 1 |a свинцово-охлаждаемые каналы 
610 1 |a испытания макетов 
675 |a 621.039.54  |v 3 
701 1 |a Кордюков  |b А. Г. 
701 1 |a Леонов  |b В. Н. 
701 1 |a Пикалов  |b А. А. 
701 1 |a Сила-Новицкий  |b А. Г. 
701 1 |a Филин  |b А. И. 
701 1 |a Бровко  |b В. А. 
701 1 |a Ефимов  |b В. Н. 
701 1 |a Корольков  |b А. С. 
701 1 |a Штында  |b Ю. Е. 
701 1 |a Юрченко  |b А. Д. 
701 1 |a Костюков  |b Ю. А. 
701 1 |a Рогозкин  |b Б. Д. 
701 1 |a Рыжов  |b А. А. 
701 1 |a Иванов  |b К. Д. 
701 1 |a Мартынов  |b П. Н. 
701 1 |a Орлов  |b Ю. И. 
701 1 |a Певчих  |b Ю. М. 
701 1 |a Троянов  |b В. М. 
801 1 |a RU  |b 63413507  |c 20041124  |g PSBO 
801 2 |a RU  |b 63413507  |c 20100629  |g RCR 
942 |c BK